000 00370nam a2200157Ia 4500
003 Ost
005 20260225132554.0
008 260225s9999||||xx |||||||||||||| ||und||
040 _cfsic
041 _afre
082 _a440
100 _aGusdorf Florent
_eAuteur
245 0 _aHot of the press :
245 0 _btraduire sans trahir /
_cGusdorf Florent
942 _cكتاب
999 _c34341
_d34341